Entourage Characters Quiz Stats

 Plays Quiz Updated Jul 6, 2015

Score 0/16 Timer 04:00
0 Plays Today
Actor Character % Correct
Jerry FerraraSal 'Turtle'
97.8%
Jeremy PivenAri Gold
97.5%
Kevin DillonJohnny 'Drama' Chase
96.8%
Adrian GrenierVincent Chase
96.7%
Kevin ConnollyEric 'E' Murphy
96.3%
Emmanuelle ChriquiSloan McQuewick
78.3%
Rex LeeLloyd Lee
77.8%
Perrey ReevesMelissa Gold
53.8%
Actor Character % Correct
Beverly D'AngeloBarbara 'Babs' Miller
51.4%
Debi MazarShauna Roberts
31.8%
Rhys CoiroBilly Walsh
29.7%
Malcolm McDowellTerrance McQuewick
25.4%
Carla GuginoAmanda Daniels
25%
Gary ColeAndrew Klein
24.9%
Constance ZimmerDana Gordon
22.9%
Jordan BelfiAdam Davies
19.5%

You're not logged in!

Compare scores with friends on all Sporcle quizzes.
OR
Log In

Sporcle TV

Today on Sporcle TV


Watch our educational content, quiz creation guides, and fun videos on Sporcle TV.

Show Comments

Extras

Top Quizzes Today


Score Distribution

Your Account Isn't Verified!

In order to create a playlist on Sporcle, you need to verify the email address you used during registration. Go to your Sporcle Settings to finish the process.

Report this User

Report this user for behavior that violates our Community Guidelines.

Details: